zpět

Detail výsledku týmu

Pod Jasanem, Rokycany

Datum a čas kvízu

14.5 Celkem bodů Celkový počet nahraných bodů na tomto kvízu bez doplňovacích otázek.
5. Pořadí na kvízu Konečné umístění týmu na tomto kvízu.

Zaznamenané odpovědi

# Otázka Odpověď Body Výsledky
1. V sobotu se v Praze odehrál za... Tatra 815 0.5
2. Mluvčí afghánského radikálního... Tálibán 1
3. Hit jedné norské hudební skupi... Take On Me 0
4. Ve středu "oslavil" 30. naroze... Adobe Photoshop 1
5. Sparťanský trenér Václav Jílek... Václav Kotal 0
6. Na tento týden připadá období... bachyně 1
7. S tímto zvláštně vypadajícím p... (prase) bradavičnaté 1
8. Již delší dobu se experimentuj... xenotransplantace 0
9. Prase je čistotné a inteligent... D 0
10. Obliba miniprasátek jako domác... Babe 0